Marcatori dell'Atalanta in UEFA Champions League 2021-2022 - Statistics

Statistiche generali
  • Questo quiz è stato fatto 20 volte
  • Il punteggio medio è 8 su 12
Statistiche sulle risposte
Partita Minuto Marcatore % Corretto
Atalanta - Manchester United 2-2 56' Duván Zapata
95%
Young Boys - Atalanta 3-3 10' Duván Zapata
95%
Atalanta - Villarreal 2-3 80' Duván Zapata
95%
Young Boys - Atalanta 3-3 88' Luis Muriel
85%
Villarreal - Atalanta 2-2 83' Robin Gosens
80%
Atalanta - Manchester United 2-2 12' Josip Iličić
75%
Manchester United - Atalanta 3-2 15' Mario Pašalić
70%
Villarreal - Atalanta 2-2 6' Remo Freuler
55%
Atalanta - Villarreal 2-3 71' Ruslan Malinovs'kyj
45%
Young Boys - Atalanta 3-3 51' José Luis Palomino
35%
Manchester United - Atalanta 3-2 29' Merih Demiral
30%
Atalanta - Young Boys 1-0 68' Matteo Pessina
20%
Nessun quiz corrispondente trovato
Distribuzione punteggi
Percentuale di utenti per punteggio
Percentile per numero di risposta
I tuoi punteggi nel tempo
Non hai fatto questo quiz